<?xml version="1.0" encoding="UTF-8"?><marc:collection xmlns:marc="http://www.loc.gov/MARC21/slim">
  <marc:record>
    <marc:leader>00000nam  2200000za 4500</marc:leader>
    <marc:controlfield tag="001">9.852908</marc:controlfield>
    <marc:controlfield tag="003">CaOODSP</marc:controlfield>
    <marc:controlfield tag="005">20221107154710</marc:controlfield>
    <marc:controlfield tag="007">cr |||||||||||</marc:controlfield>
    <marc:controlfield tag="008">180305s2018    onc     ob   f000 0 fre d</marc:controlfield>
    <marc:datafield tag="020" ind1=" " ind2=" ">
      <marc:subfield code="a">9780660255552</marc:subfield>
    </marc:datafield>
    <marc:datafield tag="040" ind1=" " ind2=" ">
      <marc:subfield code="a">CaOODSP</marc:subfield>
      <marc:subfield code="b">fre</marc:subfield>
    </marc:datafield>
    <marc:datafield tag="043" ind1=" " ind2=" ">
      <marc:subfield code="a">n-cn---</marc:subfield>
    </marc:datafield>
    <marc:datafield tag="086" ind1="1" ind2=" ">
      <marc:subfield code="a">HP40-210/2018F-PDF</marc:subfield>
    </marc:datafield>
    <marc:datafield tag="245" ind1="0" ind2="0">
      <marc:subfield code="a">Mise à jour sur la revue de la littérature portant sur l’efficacité potentielle et réelle des vaccins antigrippaux trivalents inactivés à forte dose (FluzoneMD Haute dose) et contenant l’adjuvant MF59 (FluadMD) chez les adultes âgés de 65 ans et plus </marc:subfield>
      <marc:subfield code="h">[ressource électronique].</marc:subfield>
    </marc:datafield>
    <marc:datafield tag="246" ind1="1" ind2="7">
      <marc:subfield code="a">Efficacité potentielle et réelle des vaccins antigrippaux trivalents inactivés à forte dose et contenant l’adjuvant MF59 chez les adultes âgés de 65 ans et plus</marc:subfield>
    </marc:datafield>
    <marc:datafield tag="246" ind1="1" ind2=" ">
      <marc:subfield code="i">En tête du titre : </marc:subfield>
      <marc:subfield code="a">Examen du comité consultatif, Comité consultatif national de l’immunisation (CCNI)</marc:subfield>
    </marc:datafield>
    <marc:datafield tag="260" ind1=" " ind2=" ">
      <marc:subfield code="a">[Ottawa] : </marc:subfield>
      <marc:subfield code="b">Agence de la santé publique du Canada, </marc:subfield>
      <marc:subfield code="c">2018.</marc:subfield>
    </marc:datafield>
    <marc:datafield tag="300" ind1=" " ind2=" ">
      <marc:subfield code="a">44 p.</marc:subfield>
    </marc:datafield>
    <marc:datafield tag="500" ind1=" " ind2=" ">
      <marc:subfield code="a">Publ. aussi en anglais sous le titre : Literature review update on the efficacy and effectiveness of high-dose (Fluzone® High-Dose) and MF59-adjuvanted (Fluad®) trivalent inactivated influenza vaccines in adults 65 years of age and older.</marc:subfield>
    </marc:datafield>
    <marc:datafield tag="500" ind1=" " ind2=" ">
      <marc:subfield code="a">Titre de la couv.</marc:subfield>
    </marc:datafield>
    <marc:datafield tag="500" ind1=" " ind2=" ">
      <marc:subfield code="a">« Date de publication : mai 2018. »</marc:subfield>
    </marc:datafield>
    <marc:datafield tag="500" ind1=" " ind2=" ">
      <marc:subfield code="a">Préparée par : L. Zhao ... [et al.]. Cf. Remerciements.</marc:subfield>
    </marc:datafield>
    <marc:datafield tag="504" ind1=" " ind2=" ">
      <marc:subfield code="a">Comprend des références bibliographiques (p. 19-21).</marc:subfield>
    </marc:datafield>
    <marc:datafield tag="520" ind1=" " ind2=" ">
      <marc:subfield code="a">« Deux vaccins antigrippaux trivalents inactivés (VTI) conçus particulièrement pour les adultes âgés de 65 ans et plus sont actuellement homologués au Canada : un vaccin à forte dose (FluzoneMD Haute dose, Sanofi Pasteur) et un vaccin contenant l’adjuvant MF59 (FluadMD, Seqirus). Des revues précédentes de la littérature portant sur l’efficacité potentielle et réelle, l’immunogénicité et l’innocuité de FluzoneMD Haute dose et de FluadMD ont été effectuées pour éclairer les recommandations du Comité consultatif national de l’immunisation (CCNI) relatives à l’utilisation de ces vaccins dans la Déclaration annuelle du CCNI : Chapitre sur la grippe du Guide canadien d’immunisation et Déclaration sur la vaccination antigrippale saisonnière. Afin de s’assurer que ces recommandations continuent d’être éclairées par la littérature la plus actuelle, la présente revue a été effectuée pour recueillir d’autres données probantes en matière d’efficacité potentielle et réelle publiées depuis les premières revues » -- Sommaire, p. 4.</marc:subfield>
    </marc:datafield>
    <marc:datafield tag="692" ind1="0" ind2="7">
      <marc:subfield code="2">gccst</marc:subfield>
      <marc:subfield code="a">Aîné</marc:subfield>
    </marc:datafield>
    <marc:datafield tag="692" ind1="0" ind2="7">
      <marc:subfield code="2">gccst</marc:subfield>
      <marc:subfield code="a">Immunisation</marc:subfield>
    </marc:datafield>
    <marc:datafield tag="692" ind1="0" ind2="7">
      <marc:subfield code="2">gccst</marc:subfield>
      <marc:subfield code="a">Grippe</marc:subfield>
    </marc:datafield>
    <marc:datafield tag="710" ind1="1" ind2=" ">
      <marc:subfield code="a">Canada. </marc:subfield>
      <marc:subfield code="b">Comité consultatif national de l'immunisation.</marc:subfield>
    </marc:datafield>
    <marc:datafield tag="710" ind1="2" ind2=" ">
      <marc:subfield code="a">Agence de santé publique du Canada.</marc:subfield>
    </marc:datafield>
    <marc:datafield tag="775" ind1="0" ind2="8">
      <marc:subfield code="t">Literature review update on the efficacy and effectiveness of high-dose (Fluzone® High-Dose) and MF59-adjuvanted (Fluad®) trivalent inactivated influenza vaccines in adults 65 years of age and older </marc:subfield>
      <marc:subfield code="w">(CaOODSP)9.852907</marc:subfield>
    </marc:datafield>
    <marc:datafield tag="856" ind1="4" ind2="0">
      <marc:subfield code="q">PDF</marc:subfield>
      <marc:subfield code="s">511 Ko</marc:subfield>
      <marc:subfield code="u">https://publications.gc.ca/collections/collection_2018/aspc-phac/HP40-210-2018-fra.pdf</marc:subfield>
    </marc:datafield>
    <marc:datafield tag="986" ind1=" " ind2=" ">
      <marc:subfield code="a">170494</marc:subfield>
    </marc:datafield>
  </marc:record>
</marc:collection>
